Barenaked Ladies Songs - Statistics

General Stats
  • This quiz has been taken 60 times
  • The average score is 40 of 178
Answer Stats
Answer % Correct
Maybe You Should Drive A
89%
Born on a Pirate Ship | Gordon If I Had $1000000
89%
Stunt One Week
86%
Gordon Brian Wilson
80%
Gordon Enid
77%
Maroon Pinch Me
74%
Born on a Pirate Ship The Old Apartment
69%
Gordon Be My Yoko Ono
66%
Gordon Hello City
63%
Stunt Alcohol
60%
Maybe You Should Drive Jane
60%
Gordon Grade 9
57%
Gordon What a Good Boy
57%
Stunt It's All Been Done
51%
Stunt Call and Answer
49%
Born on a Pirate Ship Shoe Box
49%
Everything to Everyone Testing 1,2,3
46%
Maroon Too Little Too Late
46%
Maroon Falling for the First Time
43%
Everything to Everyone Maybe Katie
43%
Grinning Streak Odds Are
43%
Gordon The Flag
43%
Everything to Everyone Another Postcard
40%
Gordon Blame It on Me
40%
Stunt Light Up My Room
40%
Stunt Some Fantastic
40%
Gordon The King of Bedside Manor
40%
Maybe You Should Drive Alternative Girlfriend
37%
Stunt Who Needs Sleep?
37%
Barenaked Ladies Are Me Bank Job
34%
Gordon Box Set
34%
Everything to Everyone Celebrity
34%
Maroon Conventioneers
34%
Gordon Crazy
34%
Maroon Sell Sell Sell
34%
Maroon Tonight Is the Night I Fell Asleep at the Wheel
34%
Gordon Wrap Your Arms Around Me
34%
Everything to Everyone For You
31%
Stunt In the Car
31%
Maroon Never Do Anything
31%
Everything to Everyone Shopping
31%
Maybe You Should Drive These Apples
31%
Born on a Pirate Ship When I Fall
31%
Born on a Pirate Ship Break Your Heart
29%
Fake Nudes Canada Dry
29%
Maroon Go Home
29%
Stunt I'll Be That Girl
29%
Gordon I Love You
29%
Stunt Leave
29%
Maybe You Should Drive Life, in a Nutshell
29%
Stunt Never Is Enough
29%
Barenaked Ladies Are Me Sound of Your Voice
29%
Everything to Everyone War on Drugs
29%
Stunt When You Dream
29%
Barenaked Ladies Are Me Adrift
26%
Maroon Baby Seat
26%
Grinning Streak Did I Say That Out Loud?
26%
Maroon Helicopters
26%
Gordon New Kid (On the Block)
26%
Everything to Everyone Next Time
26%
Stunt She's On Time
26%
Grinning Streak Boomerang
23%
Barenaked Ladies Are Me Bull in a China Shop
23%
Barenaked Ladies Are Me Easy
23%
Fake Nudes Lookin' Up
23%
Silverball Silverball
23%
Born on a Pirate Ship Spider in My Room
23%
Born on a Pirate Ship Stomach vs. Heart
23%
Born on a Pirate Ship This Is Where It Ends
23%
Stunt Told You So
23%
All In Good Time You Run Away
23%
Everything to Everyone Aluminum
20%
Everything to Everyone Have You Seen My Love
20%
Barenaked Ladies Are Me Home
20%
Barenaked Ladies Are Me | Barenaked Ladies Are Men I Can I Will I Do
20%
Born on a Pirate Ship Just a Toy
20%
Maroon Off the Hook
20%
Barenaked Ladies Are Me Wind It Up
20%
Maybe You Should Drive You Will Be Waiting
20%
Grinning Streak Gonna Walk
17%
Maybe You Should Drive Great Provider
17%
Born on a Pirate Ship In the Drink
17%
All In Good Time Jerome
17%
Stunt Long Way Back Home
17%
Barenaked Ladies Are Me Running Out of Ink
17%
Barenaked Ladies Are Men Running Out Of Ink
17%
Born on a Pirate Ship Same Thing
17%
Barenaked Ladies Are Me | Barenaked Ladies Are Men Serendipity
17%
Grinning Streak Smile
17%
Born on a Pirate Ship Straw Hat and Dirty Old Hank
17%
Barenaked Ladies Are Me Take It Back
17%
Everything to Everyone Take It Outside
17%
Maroon The Humour of the Situation
17%
Everything to Everyone Upside Down
17%
All In Good Time Watching The Northern Lights
17%
Grinning Streak Best Damn Friend
14%
Silverball Duct Tape Heart
14%
Barenaked Ladies Are Me | Barenaked Ladies Are Men Fun and Games
14%
Barenaked Ladies Are Me | Barenaked Ladies Are Men Half a Heart
14%
Born on a Pirate Ship I Know
14%
Maybe You Should Drive Intermittently
14%
Barenaked Ladies Are Me Maybe You're Right
14%
Silverball Narrow Streets
14%
Barenaked Ladies Are Me Peterborough and the Kawarthas
14%
Silverball Piece of Cake
14%
Maybe You Should Drive The Wrong Man Was Convicted
14%
Barenaked Ladies Are Men What A Letdown
14%
Barenaked Ladies Are Men Why Say Anything Nice?
14%
Maybe You Should Drive Am I the Only One
11%
Barenaked Ladies Are Me | Barenaked Ladies Are Men Beautiful
11%
All In Good Time Every Subway Car
11%
Maybe You Should Drive Everything Old Is New Again
11%
All In Good Time Four Seconds
11%
Silverball Here Before
11%
Silverball Hold My Hand
11%
Born on a Pirate Ship I Live with It Every Day
11%
Grinning Streak Limits
11%
Barenaked Ladies Are Me | Barenaked Ladies Are Men Maybe Not
11%
Silverball Say What You Want
11%
Everything to Everyone Second Best
11%
Maybe You Should Drive Tiny Little Song
11%
Everything to Everyone Unfinished
11%
Barenaked Ladies Are Me | Barenaked Ladies Are Men Angry People
9%
All In Good Time Another Heartbreak
9%
Born on a Pirate Ship Call Me Calmly
9%
Grinning Streak Crawl
9%
Grinning Streak Daydreamin'
9%
Grinning Streak Give It Back to You
9%
Silverball Globetrot
9%
Grinning Streak Keepin' It Real
9%
Grinning Streak Off His Head
9%
Barenaked Ladies Are Me One and Only
9%
Barenaked Ladies Are Men One And Only
9%
Silverball Passcode
9%
Barenaked Ladies Are Me | Barenaked Ladies Are Men Quality
9%
Barenaked Ladies Are Me Rule the World with Love
9%
All In Good Time Summertime
9%
All In Good Time The Love We're In
9%
Barenaked Ladies Are Me Vanishing
9%
Fake Nudes We Took the Night
9%
Fake Nudes 20/20 Hindsight
6%
Barenaked Ladies Are Men Another Spin
6%
Fake Nudes Bringing It Home
6%
Barenaked Ladies Are Me Down to Earth
6%
Barenaked Ladies Are Men Down To Earth
6%
Barenaked Ladies Are Me Everything Had Changed
6%
Silverball Get Back Up
6%
All In Good Time Golden Boy
6%
All In Good Time I Have Learned
6%
Fake Nudes Invisible Fence
6%
Silverball Matter of Time
6%
Barenaked Ladies Are Me | Barenaked Ladies Are Men Something You'll Never Find
6%
Fake Nudes Sunshine
6%
Fake Nudes The Township of King
6%
Silverball Toe to Toe
6%
All In Good Time How Long
3%
All In Good Time I Saw It
3%
All In Good Time On The Lookout
3%
All In Good Time Ordinary
3%
Barenaked Ladies Are Me | Barenaked Ladies Are Men The New Sad
3%
Silverball Tired of Fighting with You
3%
Fake Nudes Bag of Bones
0%
Fake Nudes Dusty Rooms
0%
Fake Nudes Flying Dreams
0%
Fake Nudes Navigate
0%
Fake Nudes Nobody Better
0%
Fake Nudes You + Me vs. the World
0%
No matching quizzes found
Score Distribution
Percent of People with Each Score
Percentile by Number Answered
Your Score History
You have not taken this quiz